Cargando...
Introduction to aerosol science
| Autor Principal: | |
|---|---|
| Formato: | Printed Book |
| Publicado: |
MacMillan Publishing Co. Inc., New York
1984
|
| Subjects: |
| LEADER | 00518nam a2200193 4500 | ||
|---|---|---|---|
| 020 | |c $38 | ||
| 082 | |a 541.34515 REI-I | ||
| 100 | |a Reist, Parer C | ||
| 245 | |a Introduction to aerosol science | ||
| 250 | |||
| 260 | |a MacMillan Publishing Co. Inc., New York |c 1984 | ||
| 300 | |a 299 | ||
| 490 | |||
| 500 | |||
| 590 | |a VMV |c $38 | ||
| 650 | |a Aerosols | ||
| 942 | |c BK | ||
| 999 | |c 81702 |d 81702 | ||
| 952 | |0 0 |1 0 |4 0 |6 541_345150000000000_REII |7 0 |9 95170 |a PHY |b PHY |g 0.00 |l 0 |o 541.34515 REI-I |p PHY03382 |r 2019-09-24 |w 2019-09-24 |y BK | ||